000 02627cam a22005294i 4500
003 PE-LiUPU
005 20250731173547.0
008 150616s1995 ag r 000 0 spa d
035 _a(Sirsi) a9388
040 _aPE-LiUPU
_bspa
_cPE-LiUPU
_erda
049 _aPRUA
082 0 4 _a286.7
_bC15FW
_221
082 0 4 _a286.7 C15 T2
100 1 _aCadwallader, E.M.,
_eautor.
245 1 0 _aFilosofía Básica de la Educación Adventista /
_cE. M. Cadwallader ; trad. y edit. por Centro de Investigaciones White.
264 1 _aEntre Ríos, Argentina :
_bCentro de Investigación White,
_c1995.
300 _a296 páginas ;
_c21 centímetros
336 _atext
_2rdacontent
337 _aunmediated
_2rdamedia
338 _avolume
_2rdacarrier
505 0 _aEl educando. - Principios de enseñanza y administración del aula. - Algunas técnicas educativas. - Disciplina. - Niveles de educación. - Tipos especiales de educación. - Factores misceláneos en educación. - Relación del docente con los padres y alumnos. - Juegos y recreaciones.
526 _aSEG42
526 _aSEG41
526 _aSEG40
526 _aSEG39
526 _aP94
526 _aP87
526 _aP86
526 _aP85
526 _aP77
526 _aP76
526 _aP35
650 0 4 _aEducación adventista
_xFilosofía.
_93729
910 _ajck
_bjvq
_cjck
942 _2ddc
_cBOOK
949 _a286.7 C15F W
_wDEWEY
_c1
_i42868
_lCCODEBUL1
_mBUL
_p18.00
_r0
_sY
_tBOOK
_u19970605
_xTEOLOGIA
_zUNKNOWN
_0COMPRA
_o.STAFF. Colección Teología
949 _a286.7 C15F W
_wDEWEY
_c2
_i42867
_lCCODEBUL1
_mBUL
_p18.00
_r0
_sY
_tBOOK
_u19970605
_xTEOLOGIA
_zUNKNOWN
_0COMPRA
_o.STAFF. Colección Teología
949 _a286.7 C15 T2 1995
_wDEWEY
_c1
_iFJ12796
_lCCODEBUJ1
_mBUJ
_p16.00
_r0
_sY
_tBOOK
_u2019-03-22
_xEDUCACIÓN
_PP14
_o.STAFF -- Colección General Juliaca
994 _aC0
_bPEPRU
596 _a1 3
999 _a286.7 C15F W
_wDEWEY
_c60834
_i42868
_d60834
_e2018-6-13
_f2021-11-11
_g6
_lCCODEBUL1
_mBUL
_n3
_q2
_r0
_sY
_tBOOK
_u2015-6-16
_xTEOLOGIA
_zUNKNOWN
_0COMPRA
_o.STAFF. Colección General
999 _a286.7 C15F W
_wDEWEY
_c2
_i42867
_d2016-10-3
_e2016-10-2
_f2021-11-11
_g6
_lCCODEBUL1
_mBUL
_n4
_p18.00
_r0
_sY
_tBOOK
_u2015-6-16
_xTEOLOGIA
_PP35
_0COMPRA
_o.STAFF. Colección Teología
999 _a286.7 C15 T2 1995
_wDEWEY
_c1
_iFJ12796
_d2019-5-9
_e2019-5-6
_f2022-2-4
_g2
_lCCODEBUJ1
_mBUJ
_n1
_p16.00
_q3
_r0
_sY
_tBOOK
_u2019-3-22
_xEDUCACION
_PP14
_0COMPRA
_o.STAFF. Colección General Juliaca
980 _81
_gALBERTO SANCHEZ Responsable de Automatización